[Event "HUN-chT2 Barcza 1718"]
[Site "Hungary"]
[Date "2017.12.03"]
[Round "5.4"]
[White "Hevesi, Zoltan"]
[Black "Szabo, Zsolt"]
[Result "1-0"]
[WhiteElo "2055"]
[BlackElo "2161"]
[PlyCount "73"]
[EventDate "2017.09.24"]
[EventType "team-tourn"]
[EventRounds "11"]
[EventCountry "HUN"]
[SourceTitle "EXT 2021"]
[Source "ChessBase"]
[SourceDate "2020.10.23"]
[SourceVersion "1"]
[SourceVersionDate "2020.10.23"]
[SourceQuality "1"]
[WhiteTeam "Mezokovesd"]
[BlackTeam "Bajnok Sakkiskola"]
[WhiteTeamCountry "HUN"]
[BlackTeamCountry "HUN"]

1. d4 d5 2. Nf3 Nf6 3. c4 c6 4. Qc2 a6 5. g3 e6 6. Bg2 Be7 7. Nbd2 0-0 8. 0-0 Nbd7 9. e4 b6 10. cxd5 cxd5 11. Ng5 h6 12. exd5 exd5 13. Bxd5 Ra7 14. Bxf7+ Rxf7 15. Nxf7 Kxf7 16. Qb3+ Kf8 17. Nc4 Bb7 18. Ne3 Qc7 19. Bd2 Ne4 20. Rac1 Qd6 21. Rc2 Nxd2 22. Rxd2 Ne5 23. dxe5 Qxd2 24. Qxb6 Qe2 25. f4 Qb5 26. Qxa7 Bc5 27. Qb8+ Kf7 28. Qc7+ Kg6 29. f5+ Kh7 30. Re1 Bb6 31. Qc2 Qd5 32. f6+ g6 33. Kf1 Qh1+ 34. Ke2 Qf3+ 35. Kd2 Qf2+ 36. Re2 Bxe3+ 37. Kd3 1-0

[Event "HUN-chT2 Barcza 1617"]
[Site "Hungary"]
[Date "2017.02.26"]
[Round "9.4"]
[White "Szabo, Zsolt"]
[Black "Hegedus, Gyorgy"]
[Result "1/2-1/2"]
[WhiteElo "2151"]
[BlackElo "2048"]
[PlyCount "20"]
[EventDate "2016.09.25"]
[EventType "team-tourn"]
[EventRounds "11"]
[EventCountry "HUN"]
[SourceTitle "EXT 2021"]
[Source "ChessBase"]
[SourceDate "2020.10.23"]
[SourceVersion "1"]
[SourceVersionDate "2020.10.23"]
[SourceQuality "1"]
[WhiteTeam "Bajnok Sakkiskola"]
[BlackTeam "Hajduszoboszlo"]
[WhiteTeamCountry "HUN"]
[BlackTeamCountry "HUN"]

1. d4 d5 2. Nf3 c6 3. g3 Bg4 4. Bg2 Bxf3 5. Bxf3 Nf6 6. 0-0 Nbd7 7. c4 e6 8. Nc3 Bd6 9. Re1 0-0 10. b3 Qa5 1/2-1/2

[Event "HUN-chT2 Barcza 1617"]
[Site "Hungary"]
[Date "2016.10.09"]
[Round "2.4"]
[White "Papp, Abel"]
[Black "Szabo, Zsolt"]
[Result "1/2-1/2"]
[WhiteElo "2143"]
[BlackElo "2151"]
[PlyCount "20"]
[EventDate "2016.09.25"]
[EventType "team-tourn"]
[EventRounds "11"]
[EventCountry "HUN"]
[SourceTitle "EXT 2021"]
[Source "ChessBase"]
[SourceDate "2020.10.23"]
[SourceVersion "1"]
[SourceVersionDate "2020.10.23"]
[SourceQuality "1"]
[WhiteTeam "Lillafured DVTK II"]
[BlackTeam "Bajnok Sakkiskola"]
[WhiteTeamCountry "HUN"]
[BlackTeamCountry "HUN"]

1. e4 c6 2. d4 d5 3. exd5 cxd5 4. Bd3 Nc6 5. c3 Nf6 6. Bf4 Bg4 7. Qb3 Na5 8. Qa4+ Bd7 9. Qc2 e6 10. Nd2 Rc8 1/2-1/2

[Event "HUN-chT2 Erkel 1516"]
[Site "Hungary"]
[Date "2015.10.04"]
[Round "2.4"]
[White "Szabo, Zsolt"]
[Black "Gubics, Peter"]
[Result "1-0"]
[WhiteElo "2281"]
[BlackElo "2097"]
[PlyCount "61"]
[EventDate "2015.09.13"]
[EventType "team-tourn"]
[EventRounds "11"]
[EventCountry "HUN"]
[SourceTitle "CBM 170 Extra"]
[Source "ChessBase"]
[SourceDate "2016.02.25"]
[SourceVersion "1"]
[SourceVersionDate "2016.02.25"]
[SourceQuality "1"]
[WhiteTeam "HASE"]
[BlackTeam "Foti"]
[WhiteTeamCountry "HUN"]
[BlackTeamCountry "HUN"]

1. d4 Nf6 2. c4 g6 3. Nc3 d5 4. Nf3 Bg7 5. cxd5 Nxd5 6. Qa4+ Bd7 7. Qb3 Nxc3 8. bxc3 0-0 9. e3 c5 10. Be2 Nc6 11. 0-0 Qc7 12. Ba3 Be6 13. d5 Na5 14. Qd1 Rfd8 15. e4 Bg4 16. Nd2 Bxe2 17. Qxe2 b6 18. Rac1 Bh6 19. Rcd1 Qe5 20. Bb2 f5 21. Rfe1 Rd7 22. Nf3 Qc7 23. exf5 gxf5 24. Qe6+ Kh8 25. Qxh6 Nc4 26. Ng5 e5 27. dxe6 Rg7 28. Bc1 Ne5 29. Rxe5 Rg6 30. Nf7+ Kg8 31. Qh3 1-0

[Event "Balatonalmadi Pannonia Cup 18th"]
[Site "Balatonalmadi"]
[Date "2013.07.28"]
[Round "7"]
[White "Szabo, Zsolt"]
[Black "Gyorfi, Norbert"]
[Result "1-0"]
[WhiteElo "2183"]
[BlackElo "1773"]
[PlyCount "47"]
[EventDate "2013.07.24"]
[EventType "swiss"]
[EventRounds "7"]
[EventCountry "HUN"]
[SourceTitle "EXT 2016"]
[Source "ChessBase"]
[SourceDate "2015.10.08"]
[SourceVersion "1"]
[SourceVersionDate "2015.10.08"]
[SourceQuality "1"]

1. d4 f5 2. e4 fxe4 3. Nc3 Nf6 4. Bg5 d5 5. Bxf6 exf6 6. Qh5+ g6 7. Qxd5 Bd6 8. Bc4 Qe7 9. Qxe4 Bf5 10. Qxe7+ Bxe7 11. Nd5 Kd8 12. 0-0-0 Re8 13. Ne2 c6 14. Ne3 Bd7 15. h4 b5 16. Bb3 a5 17. a4 Kc7 18. axb5 cxb5 19. Nc3 Na6 20. Rhe1 Nb4 21. Bf7 Bd6 22. Bxe8 Rxe8 23. Ned5+ Nxd5 24. Nxd5+ 1-0

[Event "Balatonalmadi Pannonia Cup 18th"]
[Site "Balatonalmadi"]
[Date "2013.07.26"]
[Round "4"]
[White "Orosz, Andras"]
[Black "Szabo, Zsolt"]
[Result "1-0"]
[WhiteElo "2044"]
[BlackElo "2183"]
[PlyCount "91"]
[EventDate "2013.07.24"]
[EventType "swiss"]
[EventRounds "7"]
[EventCountry "HUN"]
[SourceTitle "EXT 2016"]
[Source "ChessBase"]
[SourceDate "2015.10.08"]
[SourceVersion "1"]
[SourceVersionDate "2015.10.08"]
[SourceQuality "1"]

1. e4 c6 2. Nc3 d5 3. Nf3 dxe4 4. Nxe4 Bf5 5. Ng3 Bg6 6. h4 h6 7. Ne5 Qd6 8. Nxg6 Qxg6 9. d4 Nd7 10. Bd3 Qd6 11. Be3 e6 12. Qe2 Ngf6 13. 0-0-0 0-0-0 14. Kb1 Qc7 15. Qf3 Bd6 16. Ne2 Rhe8 17. Bc4 Re7 18. g4 Nd5 19. Bc1 b5 20. Bb3 N7b6 21. g5 hxg5 22. hxg5 a5 23. Rh7 g6 24. c3 a4 25. Bc2 Kb8 26. Rdh1 Ka7 27. Rh8 Qc8 28. Rxd8 Qxd8 29. Be4 Bc7 30. Rh4 Nc4 31. Kc2 Nd6 32. b3 axb3+ 33. axb3 Qe8 34. Rh1 Nf5 35. Bd2 Bd6 36. Ra1+ Kb6 37. Kd1 Ra7 38. Rb1 Kc7 39. c4 bxc4 40. bxc4 Ra3 41. Rb3 Ra1+ 42. Bb1 Nde7 43. c5 Bh2 44. Bf4+ Bxf4 45. Qxf4+ Kd8 46. Rb7 1-0

[Event "Balatonalmadi Pannonia Cup 18th"]
[Site "Balatonalmadi"]
[Date "2013.07.25"]
[Round "2"]
[White "Karacsonyi, Gellert"]
[Black "Szabo, Zsolt"]
[Result "0-1"]
[WhiteElo "1712"]
[BlackElo "2183"]
[PlyCount "104"]
[EventDate "2013.07.24"]
[EventType "swiss"]
[EventRounds "7"]
[EventCountry "HUN"]
[SourceTitle "EXT 2016"]
[Source "ChessBase"]
[SourceDate "2015.10.08"]
[SourceVersion "1"]
[SourceVersionDate "2015.10.08"]
[SourceQuality "1"]

1. e4 c6 2. d4 d5 3. exd5 cxd5 4. Bd3 Qc7 5. Ne2 Nf6 6. Bf4 Qb6 7. Nbc3 a6 8. 0-0 Bg4 9. f3 Bd7 10. Be5 e6 11. Re1 Nc6 12. Kh1 Be7 13. Na4 Qa5 14. Nac3 0-0 15. a3 b5 16. b4 Qb6 17. Qd2 Rfc8 18. Nc1 Be8 19. Nb3 Nd7 20. Bg3 g6 21. Bf1 Qd8 22. Nc5 Nxc5 23. bxc5 Qa5 24. Bf4 Bf6 25. Be3 Rcb8 26. Qd3 Qd8 27. Bf4 Rb7 28. Ne2 a5 29. Bd6 b4 30. a4 Bd7 31. Rab1 Ne7 32. Bxe7 Qxe7 33. Nf4 Qd8 34. Ra1 Qc7 35. Nh3 Rab8 36. Reb1 Bc6 37. f4 Qd7 38. Nf2 h5 39. g4 Bh4 40. Qf3 Bxf2 41. Qxf2 hxg4 42. Qg3 Qe7 43. Qxg4 Qf6 44. Rb3 Qxd4 45. Re1 Qf6 46. Bg2 Bxa4 47. Rh3 Bxc2 48. f5 Bxf5 49. Qf4 Rc8 50. c6 Rbc7 51. Rh4 Rxc6 52. Bh3 Rc4 0-1

[Event "HUN-chT2 Breyer 1213"]
[Site "Hungary"]
[Date "2013.03.03"]
[Round "8.8"]
[White "Szabo, Zsolt"]
[Black "Balogh, Peter"]
[Result "1/2-1/2"]
[WhiteElo "2183"]
[BlackElo "2002"]
[PlyCount "76"]
[EventDate "2012.09.16"]
[EventType "team-tourn"]
[EventRounds "11"]
[EventCountry "HUN"]
[SourceTitle "EXT 2014"]
[Source "ChessBase"]
[SourceDate "2013.11.20"]
[SourceVersion "1"]
[SourceVersionDate "2013.11.20"]
[SourceQuality "1"]
[WhiteTeam "Husi"]
[BlackTeam "Kisber Aszar"]
[WhiteTeamCountry "HUN"]
[BlackTeamCountry "HUN"]

1. d4 Nf6 2. Bg5 Ne4 3. Bf4 c5 4. f3 Qa5+ 5. c3 Nf6 6. d5 d6 7. e4 g6 8. Nd2 Bg7 9. Bd3 0-0 10. Ne2 b5 11. a4 b4 12. Nc4 Qd8 13. cxb4 cxb4 14. 0-0 Nbd7 15. Nd4 Bb7 16. Be3 Nc5 17. Be2 Rc8 18. a5 Nfd7 19. a6 Bxd4 20. Bxd4 Bxa6 21. Na5 Bxe2 22. Qxe2 Nb8 23. Rfc1 e5 24. Bxc5 Rxc5 25. Rxc5 dxc5 26. Nc4 a6 27. Nxe5 Re8 28. Nc6 Nxc6 29. dxc6 a5 30. Qc4 Qb6 31. Rc1 Qxc6 32. Qxc5 Qxc5+ 33. Rxc5 Rd8 34. Rc2 b3 35. Re2 a4 36. Kf2 Rb8 37. Re1 Rc8 38. Ra1 Rc2+ 1/2-1/2

[Event "HUN-chT 1011"]
[Site "Hungary"]
[Date "2011.03.27"]
[Round "7"]
[White "Erdelyi, Zombor"]
[Black "Szabo, Zsolt"]
[Result "1/2-1/2"]
[WhiteElo "2323"]
[BlackElo "2345"]
[PlyCount "62"]
[EventDate "2010.10.10"]
[EventType "team-tourn"]
[EventRounds "11"]
[EventCountry "HUN"]
[SourceTitle "EXT 2012"]
[Source "ChessBase"]
[SourceDate "2011.11.24"]
[SourceVersion "1"]
[SourceVersionDate "2011.11.24"]
[SourceQuality "1"]
[WhiteTeam "Penzugyor"]
[BlackTeam "Honved"]
[WhiteTeamCountry "HUN"]
[BlackTeamCountry "HUN"]

1. e4 d6 2. d4 g6 3. Nc3 Bg7 4. f4 Nf6 5. Nf3 c5 6. Bb5+ Bd7 7. Bxd7+ Nbxd7 8. d5 0-0 9. 0-0 a6 10. Qe1 Qc7 11. e5 dxe5 12. fxe5 Ng4 13. d6 exd6 14. Nd5 Qb8 15. e6 Nde5 16. e7 Re8 17. Ng5 c4 18. Qh4 h5 19. Ne4 f5 20. Nef6+ Nxf6 21. Nxf6+ Bxf6 22. Qxf6 b5 23. Bg5 Ra7 24. Qe6+ Kh7 25. Rae1 Raxe7 26. Bxe7 Qa7+ 27. Rf2 Qxe7 28. Qxe7+ Rxe7 29. Rd1 Re6 30. Rfd2 c3 31. bxc3 Nc4 1/2-1/2

[Event "HUN-chT2 Barcza 1011"]
[Site "Hungary"]
[Date "2011.03.27"]
[Round "7.4"]
[White "Szabo, Zsolt"]
[Black "Hegedus, Gyorgy"]
[Result "0-1"]
[WhiteElo "2196"]
[BlackElo "2137"]
[PlyCount "52"]
[EventDate "2010.09.12"]
[EventType "team-tourn"]
[EventRounds "11"]
[EventCountry "HUN"]
[SourceTitle "EXT 2012"]
[Source "ChessBase"]
[SourceDate "2011.11.24"]
[SourceVersion "1"]
[SourceVersionDate "2011.11.24"]
[SourceQuality "1"]
[WhiteTeam "DEAC"]
[BlackTeam "Debrecen Betu"]
[WhiteTeamCountry "HUN"]
[BlackTeamCountry "HUN"]

1. d4 d5 2. Nf3 h6 3. c4 c6 4. Nc3 Nf6 5. Qb3 e6 6. Bf4 Bd6 7. Bg3 0-0 8. e3 Qc7 9. Bd3 Nbd7 10. Rc1 Nb6 11. cxd5 Bxg3 12. hxg3 exd5 13. Rh4 Qe7 14. Kf1 Ng4 15. a4 g5 16. Rh1 Kg7 17. a5 Nd7 18. e4 dxe4 19. Nxe4 f5 20. Nc3 Ndf6 21. d5 Qc5 22. Rc2 Qxa5 23. Re2 Rf7 24. dxc6 bxc6 25. Qa3 Qxa3 26. bxa3 Rb8 0-1

[Event "HUN-chT 1011"]
[Site "Hungary"]
[Date "2011.01.30"]
[Round "5"]
[White "Juhasz, Kristof"]
[Black "Szabo, Zsolt"]
[Result "1/2-1/2"]
[WhiteElo "2268"]
[BlackElo "2345"]
[PlyCount "59"]
[EventDate "2010.10.10"]
[EventType "team-tourn"]
[EventRounds "11"]
[EventCountry "HUN"]
[SourceTitle "EXT 2012"]
[Source "ChessBase"]
[SourceDate "2011.11.24"]
[SourceVersion "1"]
[SourceVersionDate "2011.11.24"]
[SourceQuality "1"]
[WhiteTeam "Csuti"]
[BlackTeam "Honved"]
[WhiteTeamCountry "HUN"]
[BlackTeamCountry "HUN"]

1. d4 d5 2. Nf3 e6 3. c4 Nd7 4. e3 Ngf6 5. b3 b6 6. Bd3 Bb4+ 7. Nbd2 c5 8. cxd5 Nxd5 9. Bb2 Bb7 10. a3 Bc3 11. Bxc3 Nxc3 12. Qc2 cxd4 13. Nxd4 Nd5 14. 0-0 Rc8 15. Qb2 0-0 16. Rac1 Nc5 17. Be2 Nf6 18. Rfd1 Qe7 19. b4 Nce4 20. Nxe4 Nxe4 21. Bf3 a6 22. Rxc8 Rxc8 23. Rc1 Rxc1+ 24. Qxc1 Nd6 25. h3 h6 26. Kh1 Kh8 27. Kg1 Kg8 28. Kh1 Kh8 29. Kg1 Kg8 30. Kh1 1/2-1/2

[Event "HUN-chT 1011"]
[Site "Hungary"]
[Date "2010.12.05"]
[Round "4"]
[White "Pap, Gyula"]
[Black "Szabo, Zsolt"]
[Result "0-1"]
[WhiteElo "2519"]
[BlackElo "2433"]
[PlyCount "78"]
[EventDate "2010.10.10"]
[EventType "team-tourn"]
[EventRounds "11"]
[EventCountry "HUN"]
[SourceTitle "EXT 2012"]
[Source "ChessBase"]
[SourceDate "2011.11.24"]
[SourceVersion "1"]
[SourceVersionDate "2011.11.24"]
[SourceQuality "1"]
[WhiteTeam "Decs"]
[BlackTeam "Vasas"]
[WhiteTeamCountry "HUN"]
[BlackTeamCountry "HUN"]

1. d4 Nf6 2. c4 e6 3. Nf3 Bb4+ 4. Bd2 Qe7 5. g3 Nc6 6. Nc3 Bxc3 7. Bxc3 Ne4 8. Rc1 0-0 9. Bg2 d6 10. d5 Nxc3 11. Rxc3 Nd8 12. Qc2 Bd7 13. 0-0 b6 14. b4 a5 15. Ra3 Nb7 16. dxe6 fxe6 17. Nd4 Rab8 18. Re3 e5 19. a3 Kh8 20. Nb5 c6 21. Nc3 axb4 22. axb4 Nd8 23. Rd3 Bf5 24. Be4 Ne6 25. Rd2 Nd4 26. Qd3 Bxe4 27. Qxe4 Qf7 28. Qd3 Ra8 29. Ne4 Qg6 30. f3 d5 31. cxd5 cxd5 32. Nc3 Qc6 33. Kg2 Ra3 34. Rc1 Nb3 35. Na2 Qa8 36. Rc3 e4 37. fxe4 dxe4 38. Qe3 Nxd2 39. Rxa3 Nc4 0-1

[Event "HUN-chT2 Barcza 1011"]
[Site "Hungary"]
[Date "2010.10.04"]
[Round "2.5"]
[White "Szabo, Zsolt"]
[Black "Hegedus, Imre"]
[Result "1-0"]
[WhiteElo "2196"]
[BlackElo "2196"]
[PlyCount "39"]
[EventDate "2010.09.12"]
[EventType "team-tourn"]
[EventRounds "11"]
[EventCountry "HUN"]
[SourceTitle "EXT 2012"]
[Source "ChessBase"]
[SourceDate "2011.11.24"]
[SourceVersion "1"]
[SourceVersionDate "2011.11.24"]
[SourceQuality "1"]
[WhiteTeam "DEAC"]
[BlackTeam "Balkany"]
[WhiteTeamCountry "HUN"]
[BlackTeamCountry "HUN"]

1. d4 Nf6 2. Bg5 g6 3. Nc3 Bg7 4. e4 0-0 5. Qd2 c6 6. Bd3 d6 7. Nge2 Qc7 8. Bh6 Ne8 9. h4 f6 10. h5 g5 11. Bxg7 Kxg7 12. h6+ Kh8 13. f4 Rg8 14. 0-0-0 b5 15. Rdf1 a5 16. fxg5 fxg5 17. e5 Be6 18. Ne4 dxe5 19. Nxg5 Qd7 20. Bf5 1-0

[Event "HUN-chT 0910"]
[Site "Hungary"]
[Date "2010.02.28"]
[Round "7"]
[White "Volosin, Vladimir"]
[Black "Szabo, Zsolt"]
[Result "0-1"]
[WhiteElo "2280"]
[BlackElo "2343"]
[PlyCount "90"]
[EventDate "2009.11.08"]
[EventType "team-tourn"]
[EventRounds "11"]
[EventCountry "HUN"]
[SourceTitle "EXT 2011"]
[Source "ChessBase"]
[SourceDate "2010.11.26"]
[SourceVersion "1"]
[SourceVersionDate "2010.11.26"]
[SourceQuality "1"]
[WhiteTeam "Mako"]
[BlackTeam "Honved"]
[WhiteTeamCountry "HUN"]
[BlackTeamCountry "HUN"]

1. c4 e6 2. Nc3 d5 3. e3 a6 4. Nf3 dxc4 5. a4 c5 6. Bxc4 Qc7 7. Qe2 Nc6 8. d4 Nf6 9. 0-0 Be7 10. h3 0-0 11. b3 b6 12. Bb2 Bb7 13. dxc5 Bxc5 14. Rac1 Na5 15. Na2 Qe7 16. Bxf6 Qxf6 17. b4 Nxc4 18. bxc5 b5 19. Nd4 e5 20. axb5 axb5 21. Nf3 Qg6 22. Nb4 Bxf3 23. Qxf3 Nd2 24. Qd5 Rfd8 25. Qb7 Rab8 26. Qc7 Rbc8 27. Qb7 Nxf1 28. Nd5 Qe6 29. Ne7+ Kf8 30. Nxc8 Qxc8 31. Qxc8 Rxc8 32. Kxf1 Ke7 33. Ke2 Kd7 34. e4 Kc6 35. Rd1 Ra8 36. Rd5 Ra2+ 37. Ke3 f6 38. g3 b4 39. Rd8 Kxc5 40. f4 b3 41. Kd3 Rg2 42. fxe5 Rxg3+ 43. Kd2 fxe5 44. Rd5+ Kc4 45. Rxe5 Rg1 0-1

[Event "HUN-chT 0910"]
[Site "Hungary"]
[Date "2010.02.14"]
[Round "6"]
[White "Szabo, Zsolt"]
[Black "Mester, Gyula"]
[Result "0-1"]
[WhiteElo "2343"]
[BlackElo "2442"]
[PlyCount "108"]
[EventDate "2009.11.08"]
[EventType "team-tourn"]
[EventRounds "11"]
[EventCountry "HUN"]
[SourceTitle "EXT 2011"]
[Source "ChessBase"]
[SourceDate "2010.11.26"]
[SourceVersion "1"]
[SourceVersionDate "2010.11.26"]
[SourceQuality "1"]
[WhiteTeam "Honved"]
[BlackTeam "Penzugyor"]
[WhiteTeamCountry "HUN"]
[BlackTeamCountry "HUN"]

1. d4 Nf6 2. c4 e6 3. Nc3 Bb4 4. e3 c5 5. Bd3 Bxc3+ 6. bxc3 d6 7. Ne2 Nc6 8. 0-0 e5 9. Ng3 b6 10. f4 Bg4 11. Qc2 Bd7 12. d5 Na5 13. e4 h6 14. Qe2 Qe7 15. Nh5 Nxh5 16. Qxh5 g6 17. Qf3 Rh7 18. Bd2 0-0-0 19. Rf2 Re8 20. fxe5 dxe5 21. Raf1 Nb7 22. Qg3 Nd6 23. Rf6 Rf8 24. Qf2 Rg8 25. Qe1 Ne8 26. R6f3 f6 27. a4 a5 28. Qb1 Kc7 29. Qb3 Rf8 30. R3f2 Nd6 31. Rb1 Rb8 32. Be3 Rhh8 33. Qa3 Rhc8 34. Bxh6 f5 35. exf5 gxf5 36. Re1 Qh4 37. Bg7 e4 38. Bf1 Re8 39. Qc1 e3 40. Rf3 f4 41. g3 Qg4 42. Rxf4 Qxg7 43. Rxe3 Rxe3 44. Qxe3 Re8 45. Qf3 Bxa4 46. h4 Bd7 47. Kh2 a4 48. Bh3 Bxh3 49. Kxh3 a3 50. Qf2 Re4 51. Rxe4 Nxe4 52. Qf4+ Nd6 53. Qc1 Qd7+ 54. g4 Qa4 0-1

[Event "HUN-chT2 Barcza 0910"]
[Site "Hungary"]
[Date "2010.01.31"]
[Round "5.6"]
[White "Szabo, Zsolt"]
[Black "Kun, Sandor"]
[Result "1-0"]
[WhiteElo "2188"]
[BlackElo "2087"]
[PlyCount "51"]
[EventDate "2009.11.08"]
[EventType "team-tourn"]
[EventRounds "11"]
[EventCountry "HUN"]
[SourceTitle "EXT 2011"]
[Source "ChessBase"]
[SourceDate "2010.11.26"]
[SourceVersion "1"]
[SourceVersionDate "2010.11.26"]
[SourceQuality "1"]
[WhiteTeam "DEAC"]
[BlackTeam "HSSE"]
[WhiteTeamCountry "HUN"]
[BlackTeamCountry "HUN"]

1. d4 Nf6 2. Nf3 g6 3. Bf4 Bg7 4. Nbd2 0-0 5. e4 d6 6. c3 c5 7. Qc2 cxd4 8. cxd4 Nc6 9. h3 Qa5 10. Qc3 Qxc3 11. bxc3 e5 12. dxe5 Nh5 13. Be3 dxe5 14. Bc4 Nf4 15. 0-0 Be6 16. Rfe1 Rfd8 17. Rab1 b6 18. Ba6 Rd7 19. Nc4 Nd3 20. Red1 Rad8 21. Bb5 Rc7 22. Nxb6 Bxa2 23. Ra1 Bb3 24. Rxd3 Rxd3 25. Bxd3 axb6 26. Ra8+ 1-0

[Event "HUN-chT2 Barcza 0809"]
[Site "Hungary"]
[Date "2009.03.08"]
[Round "9.3"]
[White "Szabo, Zsolt"]
[Black "Petro, Janos"]
[Result "0-1"]
[WhiteElo "2208"]
[BlackElo "2103"]
[PlyCount "62"]
[EventDate "2008.10.26"]
[EventType "tourn"]
[EventRounds "11"]
[EventCountry "HUN"]
[SourceTitle "EXT 2010"]
[Source "ChessBase"]
[SourceDate "2010.11.25"]
[SourceVersion "1"]
[SourceVersionDate "2010.11.25"]
[SourceQuality "1"]
[WhiteTeam "DEAC"]
[BlackTeam "Edeleny"]
[WhiteTeamCountry "HUN"]
[BlackTeamCountry "HUN"]

1. d4 Nf6 2. Nf3 g6 3. Bf4 c5 4. c3 cxd4 5. cxd4 Bg7 6. Nc3 d6 7. e4 0-0 8. Be2 Bg4 9. Qd2 Nc6 10. d5 Nb8 11. Bh6 Bxf3 12. Bxf3 Bxh6 13. Qxh6 Qb6 14. 0-0-0 Nbd7 15. Kb1 Ne5 16. Be2 Neg4 17. Bxg4 Nxg4 18. Qf4 Nxf2 19. Na4 Qb4 20. Qxf2 Qxa4 21. Qe2 Rac8 22. b3 Qb4 23. Rc1 b5 24. Qd3 Rc5 25. Rxc5 dxc5 26. Rc1 c4 27. Qd4 Rc8 28. Ka1 a5 29. bxc4 Rxc4 30. Rxc4 bxc4 31. e5 a4 0-1

[Event "HUN-chT2 Barcza 0708"]
[Site "Hungary"]
[Date "2008.04.27"]
[Round "10"]
[White "Szilagyi, Gyula"]
[Black "Szabo, Zsolt"]
[Result "0-1"]
[WhiteElo "1899"]
[BlackElo "2169"]
[PlyCount "60"]
[EventDate "2007.10.14"]
[EventType "team-tourn"]
[EventRounds "11"]
[EventCountry "HUN"]
[SourceTitle "EXT 2009"]
[Source "ChessBase"]
[SourceDate "2008.11.26"]
[SourceVersion "1"]
[SourceVersionDate "2008.11.26"]
[SourceQuality "1"]
[WhiteTeam "Tiszaujvaros"]
[BlackTeam "DEAC"]
[WhiteTeamCountry "HUN"]
[BlackTeamCountry "HUN"]

1. e4 c6 2. d3 d5 3. Nc3 e5 4. exd5 cxd5 5. Qe2 Nc6 6. Nf3 Bg4 7. h3 Bxf3 8. Qxf3 Nd4 9. Qd1 Rc8 10. Bd2 Nf6 11. Rc1 h6 12. Ne2 Nc6 13. Ng3 Bd6 14. Nf5 0-0 15. Be2 Bb8 16. g4 Qd7 17. Bxh6 gxh6 18. Nxh6+ Kh8 19. g5 Nh7 20. Bg4 Qe7 21. Bxc8 Qxg5 22. Bxb7 Qxh6 23. Bxc6 Qxc6 24. Qh5 Qb6 25. 0-0 e4 26. d4 Qxd4 27. Rfd1 Rg8+ 28. Kf1 Qc4+ 29. Ke1 Rg1+ 30. Kd2 Bf4# 0-1